Bienvenue au Catalogue en Ligne des Bibliothèques de l'Universite du Burundi

Factors affecting primary school teachers' performance in the teaching of english (Record no. 33200)

000 -GUIDE
Champ de contrôle de longueur fixe 01351nam a22002657a 4500
003 - IDENTITÉ DU NUMÉRO DE CONTRÔLE
Champ de contrôle BI-BuBU
008 - ÉLÉMENTS DE LONGUEUR FIXE - RENSEIGNEMENTS GÉNÉRAUX
Champ de contrôle de longueur fixe 160119t2014 bd ||||dr|||| 000 0 eng d
037 ## - SOURCE D'ACQUISITION
Source d'acquisition et du numéro d'inventaire Don de l' auteur
039 ## - NIVEAU DE CONTRÔLE BIBLIOGRAPHIQUE ET HISTORIQUE D'ENCODAGE [OBSOLETE]
Date creation 20160119100647.0
Nom catalographe Marie Goretti Ndayizeye
040 ## - SOURCE DU CATALOGAGE
Organisme qui a effectué le catalogage original BI-BuBU
Code de la langue utilisée dans le catalogage fre
Organisme qui a effectué la transcription BI-BuBU
041 0# - CODE DE LANGUE
Code de langue du texte/de la piste sonore ou du titre distinct eng
080 ## - INDICE DE LA CLASSIFICATION DÉCIMALE UNIVERSELLE (CDU)
Indice de la Classification décimale universelle 372.880.20
100 1# - VEDETTE PRINCIPALE - NOM DE PERSONNE
Code de relation aut
Nom de personne Sikubwabo, Yvonne
245 10 - MENTION DU TITRE
Titre Factors affecting primary school teachers' performance in the teaching of english
Reste du titre case of first degree in selected public primarry schools in Cankuzo Province
Mention de responsabilité, etc. Yvonne Sikubwabo ; Herménégilde Rwantabagu, directeur
260 ## - PUBLICATION, DIFFUSION, ETC. (ADRESSE BIBLIOGRAPHIQUE)
Lieu de publication, diffusion, etc. Bujumbuira
Nom de l'éditeur, diffuseur, etc. University of Burundi, Institute for Applied Pedagogy
Date of publication, distribution, etc 2014
300 ## - DESCRIPTION MATÉRIELLE
Collation VI-111 f.
Dimensions 30 cm
500 ## - NOTE GÉNÉRALE
Note générale A thesis submitted in partial fulfillment of the requirements for the award of the degree " Licencié en Pédagogie Appliquée,Agrégé de l' Ensneignement en Anglais
650 #7 - VEDETTE-MATIÈRE - NOM COMMUN
Source du terme BI-BuBU
Vedette de sujet ou vedette comportant un nom géographique Anglais (Langue)
Subdivision générale Enseignement
-- Ecole primaire public
Subdivision géographique Cankuzo ( Provice)
9 (RLIN) 124422
655 #7 - TERME D'INDEXATION - GENRE OU FORME
Source du terme BI-BuBU
Données ou terme dominant sur le genre ou la forme Mémoire
9 (RLIN) 124423
700 1# - VEDETTE SECONDAIRE - NOM DE PERSONNE
Nom d'auteur Rwantabagu Herménégilde
9 (RLIN) 124424
710 ## - VEDETTE SECONDAIRE - NOM DE COLLECTIVITÉ
Nom de la collectivité ou nom de lieu comme élément de classement University of Burundi
Collectivité subordonnée Institute for Applied Pedagogy
9 (RLIN) 124425
942 ## - ÉLÉMENTS D'ENTRÉE ADDITIONNELLE (KOHA)
Source de la classification ou du système de rangement
Type d item koha Memoire
Holdings
Statut de retrait Statut de perte Source de la classification ou du système de rangement Statut de déterioration Exclu du prêt Numéro d item Koha Localisation permanente Localisation actuelle Date d'acquisition Source d'acquisition Nombre de prêts Cote Code-barres Date last seen Numéro d'exemplaire Prix en vigueur à partir du Type d item koha
        Not For Loan 48635 Bibliothèque Centrale Bibliothèque Centrale 19/01/2016 Don de l' auteur   372.880.20 SIK. 5010000200381 19/01/2016 1 19/01/2016 Memoire
© 2019-2026 - Bibliothèques de l'Université du Burundi |Tous droits réservés
home | Pour toute information urgente Contactez nous | tel whatsupp: +25779204313